000
00311nam a2200145Ia 4500
003
OSt
005
20240311163628.0
008
170523s9999 xx 000 0 und d
020
_a
9780130857545
040
_c
iimtu meerut
100
_a
WELSCH- HILTON
245
0
_a
BUDGETING
260
_b
PHI
942
_2
ddc
_c
02
999
_c
1455
_d
1455